Všeobecná dohoda o clách a obchode - GATT. 3

História účasti bývalej ČSFR na colno-obchodných rokovaniach zmluvných strán. Slovenská republika a GATT. Prínos prístupu SR ku Všeobecnej dohode o clách a obchode.

Salvato in:
Dettagli Bibliografici
Autore principale: Babiš, Štefan
Natura: Capitolo di libro
Lingua:slovacco
Soggetti:
Tags: Aggiungi Tag
Nessun Tag, puoi essere il primo ad aggiungerne!!

MARC

LEADER 00000naa a2200000 4500
001 r000021
005 20221213123013.9
041 0 |a slo 
044 |a SK 
245 1 0 |a Všeobecná dohoda o clách a obchode - GATT. 3  |c Štefan Babiš 
520 |a História účasti bývalej ČSFR na colno-obchodných rokovaniach zmluvných strán. Slovenská republika a GATT. Prínos prístupu SR ku Všeobecnej dohode o clách a obchode. 
610 2 0 |a GATT 
610 2 0 |a Slovensko 
610 2 0 |a ČSFR 
610 2 0 |a clá 
610 2 0 |a obchod 
610 2 0 |a história 
610 2 0 |a dohody colné 
610 2 0 |a dohody obchodné medzinárodné 
100 1 |a Babiš, Štefan